[Event "ICS rated blitz match"]
[Site "204.178.125.65"]
[Date "2000.03.12"]
[Round "?"]
[White "Hossa"]
[Black "MissSilicon"]
[Result "1/2-1/2"]
[WhiteElo "2440"]
[BlackElo "2673"]
[PlyCount "295"]

1. c4 e5 2. Nc3 Nf6 3. Nf3 Nc6 4. e3 d6 5. d4 Bf5 6. Be2 e4 7. Nd2 Qd7 8. g4
Nxg4 9. Ndxe4 Be7 10. Ng3 Nf6 11. Nxf5 Qxf5 12. Bf3 O-O 13. O-O Kh8 14. Bg2 Qa5
15. Bd2 Qb6 16. Qb3 Rfe8 17. Qxb6 axb6 18. Nd5 Bd8 19. b4 Ne4 20. Be1 f5 21. a4
Ne7 22. Nf4 g5 23. Ne6 Ng6 24. d5 Ne5 25. f3 Nf6 26. Bc3 Kg8 27. Bxe5 dxe5 28.
Bh3 f4 29. exf4 gxf4 30. Rfe1 c6 31. Rxe5 Kh8 32. Rf5 Ng8 33. Rxf4 Bf6 34. Ra2
b5 35. a5 bxc4 36. dxc6 bxc6 37. Rxc4 Ne7 38. f4 Nd5 39. Re2 Be7 40. Bg2 Rab8
41. Rxc6 Nxb4 42. Rc3 Bd8 43. Rc5 Be7 44. Rh5 Nd3 45. Bf1 Bb4 46. Rg5 Ra8 47.
Kh1 Rxa5 48. f5 Ne5 49. Rg1 Bd6 50. Bg2 Bb8 51. Rd1 Ng4 52. Bc6 Rg8 53. Bd5 Ba7
54. f6 Nxf6 55. Bf3 Ra3 56. Bg2 Ng4 57. Rf1 Ne3 58. Rfe1 Nxg2 59. Rxg2 h6 60.
Rxg8+ Kxg8 61. Rf1 Ra2 62. Rf8+ Kh7 63. h4 Bb6 64. Rb8 Bf2 65. h5 Ra5 66. Rb7+
Kg8 67. Kg2 Be1 68. Rb1 Re5 69. Nd4 Bc3 70. Rb8+ Kf7 71. Rb7+ Ke8 72. Rb8+ Kd7
73. Nb5 Ba1 74. Kf3 Rxh5 75. Rb6 Rf5+ 76. Kg2 h5 77. Kh3 Ke7 78. Rb7+ Kf6 79.
Nd6 Rf3+ 80. Kg2 Re3 81. Rf7+ Kg6 82. Rf1 Bf6 83. Nf5 Re2+ 84. Kf3 Re5 85. Kg3
Rxf5 86. Rxf5 Kxf5 87. Kg2 Kg4 88. Kh1 h4 89. Kh2 h3 90. Kh1 Be5 91. Kg1 Kf3
92. Kh1 Bc7 93. Kg1 Kg4 94. Kh1 Bg3 95. Kg1 Bf4 96. Kh1 Kf5 97. Kg1 h2+ 98. Kh1
Kg4 99. Kg2 Be5 100. Kh1 Bg3 101. Kg2 Kf4 102. Kh1 Kg5 103. Kg2 Be5 104. Kh1
Bd6 105. Kg2 Kg6 106. Kh1 Kf5 107. Kg2 Bc7 108. Kh1 Kg4 109. Kg2 Bf4 110. Kh1
Bd6 111. Kg2 Bg3 112. Kh1 Kf5 113. Kg2 Ke4 114. Kh1 Bb8 115. Kg2 Kf5 116. Kh1
Kg4 117. Kg2 Kg5 118. Kh1 Kf6 119. Kg2 Be5 120. Kh1 Kg5 121. Kg2 Kg6 122. Kh1
Kf6 123. Kg2 Ke7 124. Kh1 Bb8 125. Kg2 Kf6 126. Kh1 Kf5 127. Kg2 Bd6 128. Kh1
Bf4 129. Kg2 Ke6 130. Kh1 Kf6 131. Kg2 Kg6 132. Kh1 Be5 133. Kg2 Kf7 134. Kh1
Bf4 135. Kg2 Kf6 136. Kh1 Ke5 137. Kg2 Ke4 138. Kh1 Be5 139. Kg2 Kd3 140. Kh1
Kd4 141. Kg2 Kd5 142. Kh1 Ke6 143. Kg2 Kd7 144. Kh1 Bc7 145. Kg2 Ke6 146. Kh1
Kf5 147. Kg2 Kg6 148. Kh1 1/2-1/2

[Event "ICS rated blitz match"]
[Site "204.178.125.65"]
[Date "2000.03.12"]
[Round "?"]
[White "MissSilicon"]
[Black "Hossa"]
[Result "1-0"]
[WhiteElo "2634"]
[BlackElo "2449"]
[PlyCount "121"]

1. e4 c5 2. Nf3 d6 3. d4 cxd4 4. Nxd4 Nf6 5. Nc3 a6 6. Bd3 Nc6 7. Nxc6 bxc6 8.
O-O e5 9. Bc4 Be7 10. Qd3 O-O 11. Rd1 Qb6 12. b3 Ng4 13. Qf3 Bh4 14. g3 Be7 15.
a3 Nf6 16. Be3 Qa5 17. b4 Qc7 18. Qe2 Qb7 19. f3 Bh3 20. Rd2 Rfc8 21. Rad1 a5
22. b5 Rab8 23. b6 Ra8 24. Qd3 Rd8 25. Kf2 Nd7 26. Na4 Re8 27. g4 Bh4+ 28. Kg1
Be7 29. Qb3 Rf8 30. Kf2 Nf6 31. Ke1 Rad8 32. g5 Nd7 33. Kf2 Nb8 34. Nc3 Rc8 35.
Kg3 Bd7 36. f4 Rcd8 37. h4 Kh8 38. fxe5 dxe5 39. Bxf7 Na6 40. Bc4 Nc5 41. Qb2
Rfe8 42. Rf2 Rf8 43. Rff1 Qc8 44. Bxc5 Bxc5 45. b7 Qb8 46. Rxf8+ Bxf8 47. Be6
Bxa3 48. Qb6 Bb4 49. Rxd7 Rxd7 50. Bxd7 Bf8 51. Qxc6 Qa7 52. Kg2 Qe3 53. b8=Q
Qd2+ 54. Kf3 Qf4+ 55. Ke2 Qf7 56. Qc5 h5 57. Qcxf8+ Qxf8 58. Qxf8+ Kh7 59. Bf5+
g6 60. Qh6+ Kg8 61. Be6# 1-0

[Event "ICS rated blitz match"]
[Site "204.178.125.65"]
[Date "2000.03.12"]
[Round "?"]
[White "Hossa"]
[Black "QueenMaxima"]
[Result "1/2-1/2"]
[WhiteElo "2430"]
[BlackElo "2496"]
[PlyCount "139"]

1. e4 c6 2. d4 d5 3. Nc3 dxe4 4. Nxe4 Bf5 5. Ng3 Bg6 6. h4 h6 7. Nf3 Nd7 8. h5
Bh7 9. Bd3 Bxd3 10. Qxd3 Ngf6 11. Bd2 Qc7 12. O-O-O O-O-O 13. c4 e6 14. Be3 c5
15. d5 exd5 16. cxd5 Nb6 17. d6 Bxd6 18. Nf5 Bf8 19. Qxd8+ Qxd8 20. Rxd8+ Kxd8
21. Ne5 Ke8 22. Re1 Rh7 23. Bxh6 gxh6 24. Ng4+ Kd8 25. Nxf6 Rh8 26. Re4 Nd7 27.
Nd5 Rg8 28. g4 Rg5 29. Kc2 b5 30. Kb1 a5 31. b3 b4 32. f3 Rg8 33. Re2 Rh8 34.
Kc1 Nb8 35. Nf6 Kc7 36. Re8 Nc6 37. Nd5+ Kd7 38. Re4 Nd8 39. Nb6+ Kc7 40. Nc4
Nc6 41. f4 Kd7 42. Nb6+ Kd8 43. Nd5 Na7 44. Nf6 Kc7 45. Re8 Nc8 46. g5 a4 47.
gxh6 Nd6 48. Nd5+ Kd7 49. Nxd6 axb3 50. Nxf7 Kxe8 51. Nxh8 bxa2 52. Kb2 b3 53.
Nf6+ Kd8 54. Ne4 c4 55. Nf7+ Ke7 56. Ne5 Bxh6 57. Nxc4 Ke6 58. Ne5 Kf5 59. Nc5
Bg7 60. Ncd3 Ke4 61. Ka1 Ke3 62. f5 Kd4 63. h6 Bxh6 64. f6 Bf8 65. f7 Bg7 66.
Kb2 Ke3 67. Ka1 Kd4 68. Kb2 Ke3 69. Ka1 Kd4 70. Kb2 1/2-1/2

[Event "ICS rated blitz match"]
[Site "204.178.125.65"]
[Date "2000.03.12"]
[Round "?"]
[White "Hossa"]
[Black "Amateur"]
[Result "1-0"]
[WhiteElo "2433"]
[BlackElo "2576"]
[PlyCount "163"]

1. c4 Nf6 2. Nc3 e5 3. g3 Bb4 4. Bg2 O-O 5. Nf3 Re8 6. O-O e4 7. Ng5 d5 8. cxd5
Bxc3 9. dxc3 h6 10. Nh3 Bxh3 11. Bxh3 Qxd5 12. Qxd5 Nxd5 13. Rd1 Nb6 14. Bf4 c6
15. Bg2 Nd5 16. Rd4 Nxf4 17. gxf4 f5 18. Bh3 g6 19. e3 h5 20. Bf1 Kg7 21. Bc4
a5 22. a4 Kh6 23. Rd6 Na6 24. Rad1 h4 25. Kh1 Re7 26. Rg1 Rg7 27. Rf6 Nc7 28.
Kg2 Rd8 29. Kh3 Nd5 30. Bxd5 Rxd5 31. Rf8 Kh7 32. Kxh4 Rd2 33. Kg3 Rxb2 34. Rd1
Rb3 35. Rdd8 Rc7 36. h4 Re7 37. h5 gxh5 38. Rxf5 Rxc3 39. Rxh5+ Kg7 40. Rxa5
Ra3 41. Rg5+ Kf7 42. Rh5 Kg6 43. Kh4 Rxa4 44. Rd6+ Kf7 45. Rh7+ Ke8 46. Rh8+
Kf7 47. Rdd8 Kf6 48. Rh6+ Kg7 49. Rdh8 Ra5 50. R6h7+ Kf6 51. Rxe7 Kxe7 52. Rh7+
Ke6 53. Rxb7 Rb5 54. Ra7 Rb1 55. Ra4 Kf5 56. Rc4 Rh1+ 57. Kg3 Rg1+ 58. Kh3 Rh1+
59. Kg2 Rb1 60. Rxc6 Rb3 61. Rh6 Kg4 62. Re6 Rb4 63. Rxe4 Rxe4 64. f3+ Kf5 65.
fxe4+ Kxe4 66. Kh3 Kf5 67. Kh4 Kg6 68. e4 Kf6 69. e5+ Kf5 70. Kh5 Ke6 71. Kg6
Ke7 72. f5 Kd7 73. f6 Ke6 74. f7 Ke7 75. Kg7 Ke6 76. f8=Q Kxe5 77. Qb4 Kf5 78.
Qd4 Ke6 79. Qc5 Kd7 80. Kf7 Kd8 81. Ke6 Ke8 82. Qc8# 1-0

[Event "ICS rated blitz match"]
[Site "204.178.125.65"]
[Date "2000.03.12"]
[Round "?"]
[White "E2-Ebeer"]
[Black "Hossa"]
[Result "0-1"]
[WhiteElo "2160"]
[BlackElo "2455"]
[PlyCount "56"]

1. e4 c5 2. Nf3 Nc6 3. d4 cxd4 4. Nxd4 Nf6 5. Nc3 d6 6. Bg5 e6 7. Qd2 a6 8.
O-O-O h6 9. Bf4 Bd7 10. Nxc6 Bxc6 11. f3 d5 12. Qe1 Bb4 13. a3 Ba5 14. exd5
Nxd5 15. b4 Nxf4 16. Rxd8+ Bxd8 17. Ne4 O-O 18. g3 Nd5 19. c4 Nf6 20. Bd3 Be7
21. Nxf6+ Bxf6 22. Be4 Rac8 23. Kb1 Rfd8 24. c5 Bxe4+ 25. Qxe4 Rd2 26. Qxb7
Rb2+ 27. Kc1 Rxc5+ 28. Kd1 Rb1+ 0-1

[Event "ICS rated blitz match"]
[Site "204.178.125.65"]
[Date "2000.03.12"]
[Round "?"]
[White "Hossa"]
[Black "MissSilicon"]
[Result "0-1"]
[WhiteElo "2458"]
[BlackElo "2620"]
[PlyCount "112"]

1. d4 Nf6 2. c4 e6 3. Nc3 Bb4 4. e3 b6 5. Bd3 Bb7 6. Nf3 Ne4 7. Qc2 f5 8. O-O
Nxc3 9. bxc3 Bxf3 10. gxf3 Bd6 11. f4 Qh4 12. f3 O-O 13. Qf2 Qh6 14. Re1 Be7
15. Rd1 Nc6 16. e4 Kh8 17. e5 Bh4 18. Qg2 Ne7 19. a3 Ng6 20. Qd2 d6 21. Bc2
Rad8 22. Qe3 Rf7 23. Bb3 Qh5 24. Ra2 h6 25. Rf1 dxe5 26. fxe5 c5 27. f4 cxd4
28. cxd4 Be7 29. Rd2 Rc8 30. Rg2 Nh4 31. Rg3 Rff8 32. Bb2 Qe8 33. Qe2 a5 34.
Rb1 a4 35. Ba2 Ng6 36. Bc1 Bh4 37. Rg2 Bd8 38. Bd2 Nh4 39. Rg3 Rf7 40. d5 exd5
41. cxd5 Rfc7 42. Qd1 Rc2 43. Rc1 Rxc1 44. Bxc1 b5 45. Be3 Rc3 46. Bd4 Rc8 47.
e6 Bf6 48. Bxf6 gxf6 49. Kh1 Rc5 50. Rh3 Qc8 51. e7 Rc1 52. Rd3 Qg8 53. e8=Q
Qxe8 54. Qxc1 Qe4+ 55. Rf3 Qxf3+ 56. Kg1 Qg2# 0-1

[Event "ICS rated blitz match"]
[Site "204.178.125.65"]
[Date "2000.03.12"]
[Round "?"]
[White "MissSilicon"]
[Black "Hossa"]
[Result "1-0"]
[WhiteElo "2629"]
[BlackElo "2449"]
[PlyCount "137"]

1. e4 e5 2. Bc4 Nf6 3. d3 Nc6 4. Nf3 Be7 5. Nc3 d6 6. O-O O-O 7. a3 Bg4 8. h3
Be6 9. Nd5 a6 10. Re1 b5 11. Ba2 a5 12. Be3 Qd7 13. Ng5 Nd8 14. Nxe7+ Qxe7 15.
c4 bxc4 16. Nxe6 fxe6 17. Bxc4 d5 18. exd5 exd5 19. Ba2 Kh8 20. Rc1 Qf7 21. Bg5
Ne6 22. Bxf6 Qxf6 23. Bxd5 Qxf2+ 24. Kh1 Rae8 25. Rxe5 Nf4 26. Rxe8 Rxe8 27.
Bc6 Re2 28. Qb3 Rxb2 29. Qf7 Rb8 30. Be4 Rg8 31. Qf5 Qh4 32. Rc2 Rd8 33. Kh2
Ng6 34. g3 Qe7 35. Qxa5 Rc8 36. a4 Ne5 37. Rc5 Nf7 38. Rh5 Nh6 39. Qc3 Qe6 40.
a5 Rf8 41. Qxc7 Qa2+ 42. Bg2 Rf2 43. Qb7 Ng8 44. a6 Rf7 45. Rd5 Re7 46. Rd8 Re2
47. Ra8 Rb2 48. Qxb2 Qxb2 49. a7 Qa2 50. Rxg8+ Qxg8 51. a8=Q Qxa8 52. Bxa8 g5
53. Kg2 h5 54. Bf3 Kh7 55. Bxh5 Kh6 56. Bg4 Kg6 57. Kf3 Kf6 58. d4 Kf7 59. Ke4
Kg7 60. d5 Kf8 61. d6 Kf7 62. h4 Kf8 63. hxg5 Ke8 64. Ke5 Kf7 65. Bh5+ Kg8 66.
Kf6 Kh8 67. g6 Kg8 68. d7 Kf8 69. d8=Q# 1-0

[Event "ICS rated blitz match"]
[Site "204.178.125.65"]
[Date "2000.03.12"]
[Round "?"]
[White "Hossa"]
[Black "PostModernist"]
[Result "0-1"]
[WhiteElo "2441"]
[BlackElo "2534"]
[PlyCount "177"]

1. c4 g6 2. Nc3 Bg7 3. d4 c5 4. e3 Nf6 5. Nf3 O-O 6. Be2 d5 7. dxc5 Qa5 8. Bd2
dxc4 9. Na4 Qa6 10. Rc1 Be6 11. Nd4 Bd5 12. b3 Nc6 13. Rxc4 b5 14. cxb6 Bxc4
15. Bxc4 Qc8 16. O-O Nxd4 17. exd4 Qc6 18. bxa7 Rxa7 19. Nc3 e6 20. a4 Rc8 21.
Re1 Bf8 22. Bg5 Nd5 23. Nxd5 exd5 24. Bb5 Qd6 25. Qg4 Rac7 26. Rb1 Rc2 27. Bd3
R2c3 28. Be3 Bg7 29. Bd2 R3c6 30. Bf4 Qf6 31. Be3 h5 32. Qd7 Rd8 33. Qb7 Rc3
34. Bf1 Qf5 35. Rb2 Rdc8 36. Re2 R3c7 37. Qb5 Re7 38. b4 Re4 39. Rd2 Ree8 40.
Rb2 Ra8 41. a5 Reb8 42. Qc5 Rc8 43. Qd6 Rd8 44. Qc7 Rdc8 45. Qe7 Rcb8 46. a6
Bf8 47. Qc7 Bxb4 48. a7 Rc8 49. Qb7 Bf8 50. Bb5 Bg7 51. f3 Bf8 52. Kh1 Qe6 53.
Bg1 Qe1 54. Bc6 Rxa7 55. Qxa7 Rxc6 56. g3 Qd1 57. Rg2 Qxf3 58. Qa4 Rc4 59. Qa2
Bg7 60. Qb2 Qe4 61. Bf2 Bxd4 62. Bxd4 Rxd4 63. h4 Rd1+ 64. Kh2 Qe1 65. Kh3 Qh1+
66. Rh2 Qe4 67. Qb8+ Kg7 68. Qf4 Qxf4 69. gxf4 Rd3+ 70. Kg2 Rd2+ 71. Kh1 Rxh2+
72. Kxh2 Kf6 73. Kg3 Kf5 74. Kf3 d4 75. Kf2 Ke4 76. f5 gxf5 77. Ke2 d3+ 78. Kd2
f4 79. Ke1 f3 80. Kd2 f2 81. Kc3 f1=Q 82. Kc4 d2+ 83. Kc5 d1=Q 84. Kb4 Qdd3 85.
Kc5 Qd4+ 86. Kc6 Ke3 87. Kc7 Qfc4+ 88. Kb7 Qb5+ 89. Kc8 0-1

[Event "ICS rated blitz match"]
[Site "204.178.125.65"]
[Date "2000.03.12"]
[Round "?"]
[White "E2-Ebeer"]
[Black "Hossa"]
[Result "0-1"]
[WhiteElo "2154"]
[BlackElo "2429"]
[PlyCount "28"]

1. e4 c5 2. Nf3 d6 3. d4 cxd4 4. Nxd4 Nf6 5. Nc3 g6 6. Be2 Bg7 7. O-O O-O 8.
Bg5 Nc6 9. Nb3 Bd7 10. Kh1 Na5 11. f4 Nc6 12. Bd3 a5 13. a4 Be6 14. Nd4 Nxd4
0-1

[Event "ICS rated blitz match"]
[Site "204.178.125.65"]
[Date "2000.03.12"]
[Round "?"]
[White "Hossa"]
[Black "Myth"]
[Result "1-0"]
[WhiteElo "2433"]
[BlackElo "2521"]
[PlyCount "78"]

1. e4 e6 2. d4 d5 3. Nc3 Bb4 4. e5 c5 5. a3 Bxc3+ 6. bxc3 Ne7 7. Qg4 Kf8 8. Bd3
Nd7 9. Nf3 Qa5 10. Bd2 Qa4 11. Qh5 c4 12. Ng5 g6 13. Qf3 Nf5 14. Bxf5 exf5 15.
Qxd5 Nxe5 16. dxe5 Qe8 17. O-O h6 18. Nf3 Qc6 19. Qd4 Be6 20. Qh4 Kg7 21. Qf6+
Kh7 22. Nd4 Qd7 23. Rab1 Bd5 24. Qh4 Kg7 25. Rfd1 Rae8 26. Qf6+ Kh7 27. Bf4 Qd8
28. Nxf5 Qxf6 29. exf6 Be4 30. Nxh6 Rhf8 31. Rd7 Bc6 32. Rxf7+ Rxf7 33. Nxf7
Rf8 34. Ng5+ Kg8 35. Be5 Bd5 36. Rd1 Rd8 37. a4 Rd7 38. f7+ Kf8 39. h3 b6 1-0

[Event "ICS rated blitz match"]
[Site "204.178.125.65"]
[Date "2000.03.12"]
[Round "?"]
[White "Myth"]
[Black "Hossa"]
[Result "1/2-1/2"]
[WhiteElo "2501"]
[BlackElo "2453"]
[PlyCount "208"]

1. e4 e5 2. Nf3 Nc6 3. Bb5 a6 4. Bxc6 dxc6 5. Nc3 f6 6. d4 Bb4 7. dxe5 Qxd1+ 8.
Kxd1 fxe5 9. Nxe5 Nf6 10. f3 O-O 11. Bd2 Re8 12. Nd3 Bd6 13. Bf4 Nh5 14. Bxd6
cxd6 15. Re1 Be6 16. e5 dxe5 17. Rxe5 Nf6 18. Ne4 Nd7 19. Rg5 b6 20. Nd6 Red8
21. Nf5 Bxf5 22. Rxf5 g6 23. Rf4 Nc5 24. Ke2 Rd5 25. Nxc5 Rxc5 26. c3 Rb5 27.
b4 Rh5 28. h3 a5 29. Rf6 axb4 30. cxb4 Rb5 31. a3 c5 32. bxc5 bxc5 33. Rc6 Rba5
34. g4 g5 35. Rc1 Rxa3 36. R1xc5 Ra2+ 37. Ke3 R8a3+ 38. Kd4 Rd2+ 39. Kc4 Rc2+
40. Kb4 Rxc5 41. Rxc5 Rxf3 42. Rxg5+ Kh8 43. h4 Rf8 44. Kc5 Rg8 45. Rxg8+ Kxg8
46. Kd5 Kf7 47. Ke5 Kg7 48. Kf5 Kf7 49. Ke4 Ke6 50. Kf4 Kf6 51. g5+ Kg6 52. Kg4
h6 53. h5+ Kh7 54. g6+ Kg7 55. Kf5 Kg8 56. Ke6 Kg7 57. Ke5 Kg8 58. Kd5 Kg7 59.
Kd6 Kf6 60. Kc7 Kg7 61. Kc6 Kf6 62. Kd6 Kg7 63. Kd5 Kf6 64. Kd4 Kg7 65. Kc4 Kf6
66. Kc5 Kg7 67. Kb6 Kf6 68. Ka7 Kg7 69. Kb7 Kh8 70. Kc6 Kg7 71. Kc5 Kh8 72. Kc4
Kg7 73. Kb5 Kh8 74. Kb6 Kg7 75. Kc7 Kh8 76. Kb7 Kg7 77. Kc8 Kf6 78. Kd8 Kg7 79.
Ke7 Kg8 80. Ke8 Kg7 81. Kd8 Kh8 82. Kd7 Kg7 83. Ke6 Kg8 84. Ke5 Kg7 85. Kd4 Kf6
86. Kd3 Kg7 87. Kc3 Kf6 88. Kd2 Kg7 89. Kd3 Kf6 90. Ke4 Kg7 91. Kf3 Kf6 92. Kg3
Kg7 93. Kf2 Kf6 94. Ke3 Kg7 95. Ke4 Kh8 96. Kf4 Kg7 97. Ke5 Kg8 98. Kf6 Kf8 99.
Kf5 Kg8 100. Kg4 Kg7 101. Kg3 Kh8 102. Kf3 Kg7 103. Ke4 Kh8 104. Ke5 Kg7
1/2-1/2

[Event "ICS rated blitz match"]
[Site "204.178.125.65"]
[Date "2000.03.12"]
[Round "?"]
[White "Tinker"]
[Black "Hossa"]
[Result "1-0"]
[WhiteElo "2482"]
[BlackElo "2455"]
[PlyCount "187"]
[EventDate "2000.??.??"]

1. e4 c5 2. Nc3 Nc6 3. f4 g6 4. Bb5 Bg7 5. Bxc6 bxc6 6. Qf3 d6 7. Nge2 Nh6 8.
d3 Bg4 9. Qf2 O-O 10. O-O Rb8 11. f5 gxf5 12. Qh4 Bxe2 13. Nxe2 Ng4 14. Rxf5 e6
15. Qxd8 Rfxd8 16. Rg5 Ne5 17. Rb1 Ng6 18. Rh5 d5 19. Bg5 Rd7 20. b3 c4 21. Be3
cxd3 22. cxd3 d4 23. Bc1 Rb5 24. Rxb5 cxb5 25. Bb2 Bh6 26. Bc1 Be3+ 27. Kf1 Ne5
28. Bxe3 dxe3 29. d4 Ng4 30. h3 Nf2 31. e5 Ne4 32. Rc1 Kg7 33. Rc8 f6 34. exf6+
Kxf6 35. Rb8 a6 36. Ke1 Kg7 37. a4 bxa4 38. bxa4 Nd2 39. Rb6 Kf7 40. a5 h6 41.
Rxa6 Nb3 42. Ra8 Rd5 43. a6 Ra5 44. Kd1 Ra2 45. a7 Rd2+ 46. Ke1 Ra2 47. Nc3
Ra1+ 48. Ke2 Nxd4+ 49. Kxe3 Nf5+ 50. Kd3 Ra3 51. g4 Ne7 52. Kc4 Nc6 53. Nb5 Ra1
54. Kc5 Ra6 55. Nd6+ Kg7 56. Nc8 Ne5 57. Kb5 Ra1 58. Rb8 Rb1+ 59. Ka4 Ra1+ 60.
Kb3 Nd3 61. a8=Q Rxa8 62. Rxa8 Nf2 63. Ra7+ Kg6 64. Ne7+ Kg5 65. Ra5+ Kf6 66.
Nf5 Nxh3 67. Nxh6 Kg7 68. Re5 Kf6 69. Rc5 Kg7 70. Kc4 Kf6 71. Rc7 Kg5 72. Nf7+
Kxg4 73. Rc5 Kf4 74. Re5 Kg3 75. Rxe6 Nf4 76. Re4 Nh3 77. Re3+ Kg2 78. Kd3 Nf4+
79. Ke4 Nh3 80. Ne5 Nf2+ 81. Kd4 Nh1 82. Re2+ Kh3 83. Ke3 Ng3 84. Rf2 Nh5 85.
Rf8 Kg2 86. Rg8+ Ng3 87. Kf4 Kf1 88. Rxg3 Ke2 89. Rd3 Kf2 90. Kg4 Kg2 91. Rd2+
Kf1 92. Kg3 Ke1 93. Nf3+ Kf1 94. Rf2# 1-0

[Event "ICS rated blitz match"]
[Site "204.178.125.65"]
[Date "2000.03.12"]
[Round "?"]
[White "Hossa"]
[Black "PostModernist"]
[Result "1/2-1/2"]
[WhiteElo "2440"]
[BlackElo "2546"]
[PlyCount "187"]

1. d4 d5 2. c4 e6 3. Nc3 c6 4. Nf3 Nf6 5. Bg5 h6 6. Bxf6 Qxf6 7. e3 Nd7 8. cxd5
exd5 9. Bd3 Bd6 10. O-O Qd8 11. e4 dxe4 12. Bxe4 Nf6 13. Re1 O-O 14. Qc2 Qa5
15. Bd3 Qh5 16. Ne4 Nxe4 17. Bxe4 Be6 18. Bg6 Qg4 19. Bd3 Rfe8 20. Bh7+ Kh8 21.
Be4 Rad8 22. Qa4 f5 23. h3 Qg6 24. Bc2 Bd5 25. Rxe8+ Rxe8 26. Bd1 a6 27. Qa5 h5
28. Qd2 Bc7 29. Qc3 Kh7 30. Bb3 Ba5 31. Qd3 Be4 32. Qe2 Bd8 33. Bc2 Bf6 34. Rd1
Bd5 35. Qd3 Kg8 36. Bb3 Bxb3 37. Qxb3+ Qf7 38. d5 Re2 39. Qd3 Rxb2 40. dxc6
Rxa2 41. cxb7 Qxb7 42. Qxf5 Qa7 43. Ne5 Qe7 44. Nd7 Qf7 45. Nxf6+ Qxf6 46. Qc5
Qf7 47. Qd4 Re2 48. Ra1 Re6 49. Qd8+ Kh7 50. Qa5 Qg6 51. Rc1 Rd6 52. Qc5 Rb6
53. Ra1 Rb1+ 54. Rxb1 Qxb1+ 55. Kh2 Qg6 56. Qd5 h4 57. Qe5 Kh6 58. Kg1 Qf6 59.
Qe4 a5 60. Qe3+ g5 61. Qe8 Qf5 62. Qc6+ Kh7 63. Qc7+ Kg6 64. Qb6+ Kg7 65. Qc7+
Kf6 66. Qd6+ Kf7 67. f3 Kg7 68. Qc7+ Kh6 69. Qc6+ Kh7 70. Qc7+ Kg6 71. Qb6+ Kh5
72. Kh1 Qe5 73. Qc6 Qe1+ 74. Kh2 Qe3 75. Qa6 Qf4+ 76. Kg1 Qd4+ 77. Kh1 a4 78.
Qe6 Qf4 79. Qc6 Qb4 80. Qe8+ Kh6 81. Qh8+ Kg6 82. Qg8+ Kf6 83. Qd8+ Ke6 84.
Qc8+ Kd5 85. Qf5+ Kc6 86. Qg6+ Kc7 87. Qg7+ Kb6 88. Qg6+ Kb7 89. Qg7+ Ka8 90.
Qg8+ Ka7 91. Qg7+ Ka8 92. Qg8+ Ka7 93. Qg7+ Ka8 94. Qg8+ 1/2-1/2

[Event "ICS rated blitz match"]
[Site "204.178.125.65"]
[Date "2000.03.12"]
[Round "?"]
[White "Tinker"]
[Black "Hossa"]
[Result "1-0"]
[WhiteElo "2504"]
[BlackElo "2445"]
[PlyCount "173"]

1. e4 e5 2. Nf3 Nc6 3. Nc3 Nf6 4. Bb5 Bb4 5. Qe2 O-O 6. Bxc6 bxc6 7. Nxe5 Qe8
8. Ng4 Bxc3 9. bxc3 Nxe4 10. O-O d5 11. Re1 f5 12. d3 fxg4 13. dxe4 Qe5 14.
exd5 Qxe2 15. Rxe2 cxd5 16. Ba3 Ba6 17. Re5 Rfd8 18. Re7 Rdc8 19. Bc5 g6 20.
Bd4 c5 21. Be5 Re8 22. Rg7+ Kf8 23. Rxh7 Kg8 24. Rg7+ Kf8 25. Rxg6 Rxe5 26.
Rxa6 Rae8 27. Rf1 R8e7 28. Rc6 c4 29. f3 gxf3 30. Rxf3+ Kg8 31. h4 Rg7 32. Rc5
Kh7 33. g3 Re1+ 34. Kf2 Rc1 35. Rxd5 Rxc2+ 36. Kg1 Rxa2 37. Rd4 Rc7 38. g4 Re2
39. Rff4 Re1+ 40. Kf2 Rh1 41. Rxc4 Re7 42. Rfe4 Rf7+ 43. Kg3 Rg1+ 44. Kh2 Rgf1
45. Re3 R7f2+ 46. Kg3 Rf7 47. Ra4 Kg8 48. Kg2 R7f2+ 49. Kg3 Rf7 50. Rae4 Kg7
51. c4 Rg1+ 52. Kh2 Rgf1 53. c5 R1f2+ 54. Kh3 Rf1 55. h5 Rh1+ 56. Kg3 Rc1 57.
Re5 Rg1+ 58. Kh4 Rh1+ 59. Kg5 Rc1 60. h6+ Kh7 61. Re2 Rc3 62. R2e3 Rc1 63. Ra3
Rc7 64. Ra5 Rh1 65. Re6 Rc1 66. c6 Kg8 67. Ra6 Kh7 68. Rd6 Rc5+ 69. Kf6 Rc8 70.
Ke7 Ra8 71. Kd7 Rf8 72. g5 Rxg5 73. c7 Rf7+ 74. Kc8 Rc5 75. Rd7 Kg8 76. Rxf7
Kxf7 77. Kd7 Rd5+ 78. Kc6 Rd2 79. Ra5 Rc2+ 80. Rc5 Rb2 81. c8=Q Rb6+ 82. Kd7
Kg6 83. Qg8+ Kxh6 84. Rg5 Rb7+ 85. Kc8 Rc7+ 86. Kxc7 a5 87. Qg7# 1-0

[Event "ICS rated blitz match"]
[Site "204.178.125.65"]
[Date "2000.03.12"]
[Round "?"]
[White "PostModernist"]
[Black "Hossa"]
[Result "1-0"]
[WhiteElo "2541"]
[BlackElo "2432"]
[PlyCount "117"]

1. d4 Nf6 2. c4 e6 3. Nf3 b6 4. Nc3 Bb7 5. a3 d5 6. Qc2 dxc4 7. e4 Ba6 8. Bf4
Nbd7 9. Qa4 Bb7 10. Qxc4 Rc8 11. Bd3 Bd6 12. Bxd6 cxd6 13. Qb4 Rc6 14. Nb5 Qb8
15. O-O O-O 16. Qe1 Ba6 17. e5 dxe5 18. dxe5 Nc5 19. Be2 Ng4 20. b4 Nd7 21.
Nbd4 Bb7 22. Nxc6 Bxc6 23. Nh4 Ngxe5 24. f4 Ng6 25. Nxg6 hxg6 26. b5 Be4 27.
Qh4 Qd6 28. Rf2 Nf6 29. Qh3 Bf5 30. g4 Ne4 31. Rff1 Qd4+ 32. Kg2 Qb2 33. Rae1
Nc3 34. Rf2 Qd2 35. gxf5 Qxe1 36. fxg6 Rd8 37. Qh7+ Kf8 38. gxf7 Kxf7 39. f5
Ke7 40. Qh4+ Kd7 41. fxe6+ Kc8 42. e7 Re8 43. Qc4+ Kb8 44. Rf8 Qxe2+ 45. Qxe2
Nxe2 46. Rxe8+ Kc7 47. Ra8 Nf4+ 48. Kf3 Ne6 49. Rxa7+ Kb8 50. e8=Q+ Kxa7 51.
Qxe6 g5 52. Qc8 g4+ 53. Kf4 g3 54. Qc7+ Ka8 55. Qxb6 gxh2 56. Qa6+ Kb8 57. b6
h1=Q 58. Qa7+ Kc8 59. Qc7# 1-0

[Event "ICS rated blitz match"]
[Site "204.178.125.65"]
[Date "2000.03.12"]
[Round "?"]
[White "Hossa"]
[Black "PostModernist"]
[Result "1/2-1/2"]
[WhiteElo "2421"]
[BlackElo "2552"]
[PlyCount "211"]

1. e4 c6 2. d4 d5 3. exd5 cxd5 4. c4 Nf6 5. Nc3 Nc6 6. cxd5 Nxd5 7. Nf3 Bg4 8.
Qb3 Bxf3 9. gxf3 e6 10. Qxb7 Nxd4 11. Bb5+ Nxb5 12. Qc6+ Ke7 13. Qxb5 Qd7 14.
Nxd5+ exd5 15. Qxd7+ Kxd7 16. O-O Ke6 17. Re1+ Kf5 18. Bd2 f6 19. Rad1 Rd8 20.
Ba5 Rd7 21. Rd4 Bc5 22. Rg4 g5 23. b4 h5 24. Rg2 Bb6 25. Bxb6 axb6 26. Rg3 Ra8
27. Re2 Ra4 28. Rb2 d4 29. b5 Rda7 30. Rd2 R7a5 31. f4 Kxf4 32. Rb3 g4 33. h4
Ke4 34. Rd1 Kd5 35. Rb2 Rxa2 36. Rb4 Ra1 37. Rbxd4+ Kc5 38. Rd5+ Kc4 39. R5d4+
Kxb5 40. Rxa1 Rxa1+ 41. Kg2 Kc5 42. Rf4 Rd1 43. Rxf6 Rd5 44. f3 Rd2+ 45. Kg3
Rd3 46. Rf5+ Kc4 47. Rxh5 gxf3 48. Rf5 b5 49. Rf4+ Kc3 50. Rxf3 b4 51. Rxd3+
Kxd3 52. h5 b3 53. h6 b2 54. h7 b1=Q 55. h8=Q Qg1+ 56. Kf4 Qf2+ 57. Kg4 Qg2+
58. Kf5 Qf3+ 59. Kg5 Qd5+ 60. Kh6 Qh1+ 61. Kg7 Qa1+ 62. Kh7 Qb1 63. Qg8 Qh1+
64. Kg7 Qg2+ 65. Kh7 Qh2+ 66. Kg7 Qg2+ 67. Kh7 Qh3+ 68. Kg7 Qg3+ 69. Kh7 Qh4+
70. Kg7 Qe7+ 71. Kh6 Qe5 72. Qg6+ Ke2 73. Qg4+ Kd3 74. Qh4 Ke2 75. Qg4+ Kd3 76.
Qh4 Qh8+ 77. Kg5 Qg7+ 78. Kh5 Qg8 79. Qh3+ Kc2 80. Qh2+ Kb3 81. Qf2 Qg7 82. Qf1
Qh7+ 83. Kg5 Qg8+ 84. Kh5 Qe8+ 85. Kh6 Qe6+ 86. Kh7 Qe4+ 87. Kh8 Qg4 88. Qh1
Qc8+ 89. Kg7 Qc7+ 90. Kh6 Qd6+ 91. Kh7 Qd7+ 92. Kh8 Qd8+ 93. Kg7 Qe7+ 94. Kh6
Qf6+ 95. Kh7 Qf7+ 96. Kh8 Qf6+ 97. Kg8 Qg5+ 98. Kh8 Qe5+ 99. Kg8 Qg3+ 100. Kh8
Qc3+ 101. Kg8 Qc4+ 102. Kh8 Qd4+ 103. Kg8 Qc4+ 104. Kh8 Qf7 105. Qg1 Kb2 106.
Qe1 1/2-1/2

[Event "ICS rated blitz match"]
[Site "204.178.125.65"]
[Date "2000.03.12"]
[Round "?"]
[White "Amateur"]
[Black "Hossa"]
[Result "1-0"]
[WhiteElo "2545"]
[BlackElo "2427"]
[PlyCount "139"]

1. e4 c5 2. Nf3 Nc6 3. d4 cxd4 4. Nxd4 Nf6 5. Nc3 d6 6. Bg5 e6 7. Qd2 a6 8.
O-O-O h6 9. Be3 Nxd4 10. Qxd4 Be7 11. e5 dxe5 12. Qxe5 Bd7 13. Be2 O-O 14. Bf3
Qc8 15. Qg3 Kh8 16. Bd4 Rd8 17. Be5 Bc6 18. Rxd8+ Bxd8 19. Rd1 Bxf3 20. Qxf3
Nd7 21. Bf4 Nf6 22. Ne4 Qc6 23. Nd6 Qxf3 24. gxf3 Nd5 25. Nxf7+ Kg8 26. Nxd8
Rxd8 27. Be5 Kf7 28. f4 b5 29. a4 g6 30. h4 Kf8 31. Rd2 Kg8 32. Rd4 Kf8 33. c4
bxc4 34. Rxc4 Ne7 35. Rc7 Ke8 36. Ra7 Rc8+ 37. Kd2 Rc6 38. Ra8+ Kf7 39. Ra7 Ke8
40. Kd3 Nf5 41. Bf6 Kf8 42. b4 Ke8 43. b5 axb5 44. axb5 Rd6+ 45. Kc3 Rb6 46.
Kb4 Rd6 47. Be5 Rd8 48. b6 Nd4 49. Bxd4 Rxd4+ 50. Kb5 Rd1 51. b7 Rb1+ 52. Kc6
Rb2 53. Ra5 Kd8 54. Ra8+ Ke7 55. b8=Q Rc2+ 56. Kb5 Rb2+ 57. Kc5 Rxb8 58. Rxb8
Kf6 59. f3 Ke7 60. Rb7+ Kf8 61. Kd6 Ke8 62. h5 gxh5 63. Kxe6 Kf8 64. f5 Kg8 65.
f6 h4 66. f7+ Kg7 67. Rb8 Kg6 68. f8=Q h3 69. Qf6+ Kh7 70. Rh8# 1-0